000 01204nam a2200349 i 4500
001 13913
003 KOSZ 005
005 20250724063752.0
008 071121s1971 pl a f 000 0 pol
015 _aPB 1971/8789
035 _a(OCoLC)750652908
040 _aWA N
_cWA N
_dKOSZ 005/KK
080 _a621.89
100 1 _aJanecki, Janusz
_d(1928- )
_eAutor
245 1 0 _aTarcie i zużycie - wrogowie maszyn /
_cJanusz Janecki.
260 _aWarszawa :
_bWydawnictwo Ministerstwa Obrony Narodowej,
_c1971.
300 _a240, [4] stron :
_bilustracje ;
_c18 cm.
336 _2rdacontent
_aTekst
_btxt
337 _2rdamedia
_aBez urządzenia pośredniczącego
_bn
338 _2rdacarrier
_aWolumin
_bnc
380 _aKsiążki.
490 1 _aSeria "Sowa"
504 _aBibliografia na stronach 239-241.
658 _aInżynieria i technika
650 4 _aSmary
650 4 _aTarcie (fizyka)
650 4 _aKonserwacja maszyn
710 2 _aWydawnictwo Ministerstwa Obrony Narodowej
_4pbl.
856 _uhttp://koha.tu.koszalin.pl/cgi-bin/koha/opac-detail.pl?biblionumber=13913
_yKatalog online BPK
830 0 _aSowa - BPWT
942 _2UKD
_cKS
999 _c13913
_d13913